000 00979nam a2200265 a 4500
001 BRCA_370
005 20190320202959.0
008 910916s1991 ja a b 000 0 eng
020 _a4770015828
040 _aDLC
_cDLC
_dDLC
050 4 _aNK1071
_b.M55 1991
245 1 0 _aMingei
_bMasterpieces of Japanese Folkcraft
_cJapan Folkcraft Museum; Photography by Yutaka Seki.
260 _aTokio
260 _aNueva York
_bKodansha International
260 _aNew York
_bDistributed by Kodansha America
_c1991
300 _a199 p.
_bil. (algunas a color)
_c31 cm.
500 _aJapan Folk Crafts Museum.
500 _aThis volume has been published in a soft-cover edition title Minget: the living tradition in Japanese arts to coincide with an exhibition of the same name
500 _aDonación Fundación Japón
504 _aIncluye referencias bibliográficas
650 1 4 _aArte popular
_zJapón
_91244
710 2 _aNihon Mingeikan
_91245
902 _aDFJ
942 _2lcc
_cB
999 _c307
_d307